000 00267nam a2200121Ia 4500
008 190216s9999||||xx |||||||||||||| ||und||
100 _aFrench A.P
245 0 _aNewtonian Mechanics
260 _bViva Book
_c2008
300 _a743
650 _aPhysics
942 _cBK
999 _c34284
_d34284